[Event "España ch 2008 sub 18"]
[Site "Padrón ESP"]
[Date "2008.07.28"]
[Round "3.31"]
[White "Sanchez-Alarcos Galian, Victor"]
[Black "Perez Castellano, Susana"]
[Result "1-0"]
[WhiteElo "2026"]
[BlackElo "1857"]
[PlyCount "67"]
[EventDate "2008.07.27"]
[EventType "swiss"]
[EventRounds "9"]
[EventCountry "ESP"]
[Source "lmi"]
[SourceDate "2008.07.27"]

1. d4 Nf6 2. c4 c5 3. d5 b5 4. Nd2 d6 5. e4 bxc4 6. Bxc4 g6 7. Ne2 Bg7 8. O-O
O-O 9. Nc3 Bb7 10. f4 Nbd7 11. Rb1 a5 12. Qe2 Nb6 13. Bb5 Ne8 14. Nc4 Nxc4 15.
Bxc4 Nc7 16. Bd2 Qd7 17. b3 Rfb8 18. Rbe1 Bd4+ 19. Kh1 Ba6 20. Bxa6 Nxa6 21.
Qf3 Nc7 22. f5 Bf6 23. Qh3 Qc8 24. Rf3 Ne8 25. g4 Bg7 26. Qh4 Nf6 27. Rh3 c4
28. e5 dxe5 29. Ne4 cxb3 30. Nxf6+ Bxf6 31. Qxh7+ Kf8 32. fxg6 fxg6 33. Qxg6
Qc4 34. Bh6+ 1-0

[Event "España ch 2008 sub 18"]
[Site "Padrón ESP"]
[Date "2008.07.28"]
[Round "3.32"]
[White "Renilla Merchan, Andres"]
[Black "Galvan Ruiz, Mario"]
[Result "0-1"]
[WhiteElo "1867"]
[BlackElo "2019"]
[PlyCount "68"]
[EventDate "2008.07.27"]
[EventType "swiss"]
[EventRounds "9"]
[EventCountry "ESP"]
[Source "lmi"]
[SourceDate "2008.07.27"]

1. e4 e6 2. d4 d5 3. e5 c5 4. c3 Nc6 5. Nf3 Qb6 6. a3 Nh6 7. b4 cxd4 8. cxd4
Nf5 9. Bb2 Bd7 10. Be2 Be7 11. O-O O-O 12. Qd3 f6 13. Nbd2 fxe5 14. dxe5 Be8
15. Nb3 Bg6 16. Qd2 a5 17. b5 a4 18. Nbd4 Nfxd4 19. Bxd4 Nxd4 20. Qxd4 Bc5 21.
Qd2 Be4 22. Ra2 Bxf3 23. Bxf3 Qxb5 24. Rb2 Qd7 25. Qd3 b6 26. Rd2 Qe7 27. Kh1
Bxa3 28. Bg4 Bc5 29. Qh3 Rae8 30. f4 g6 31. Qg3 Qg7 32. Qh3 Qxe5 33. Re2 Rxf4
34. Rfe1 Re4 0-1

[Event "España ch 2008 sub 18"]
[Site "Padrón ESP"]
[Date "2008.07.28"]
[Round "3.33"]
[White "Rasskin Friederichs, Ivan"]
[Black "Martinez Salas, Imanol"]
[Result "1/2-1/2"]
[WhiteElo "1843"]
[BlackElo "2010"]
[PlyCount "37"]
[EventDate "2008.07.27"]
[EventType "swiss"]
[EventRounds "9"]
[EventCountry "ESP"]
[Source "lmi"]
[SourceDate "2008.07.27"]

1. e4 e6 2. d4 d5 3. e5 c5 4. c3 Nc6 5. Nf3 Bd7 6. a3 f6 7. b4 cxd4 8. cxd4 Qb6
9. Bb2 fxe5 10. dxe5 Nh6 11. Bd3 Rc8 12. O-O Be7 13. Nbd2 O-O 14. Nb3 Nf5 15.
Rc1 a6 16. Nc5 Bxc5 17. Rxc5 Nce7 18. Rxc8 Rxc8 19. Nd4 1/2-1/2

[Event "España ch 2008 sub 18"]
[Site "Padrón ESP"]
[Date "2008.07.28"]
[Round "3.34"]
[White "Garro Beraza, Haritz"]
[Black "Perez Malvido, Javier"]
[Result "1-0"]
[WhiteElo "1999"]
[BlackElo "1842"]
[PlyCount "113"]
[EventDate "2008.07.27"]
[EventType "swiss"]
[EventRounds "9"]
[EventCountry "ESP"]
[Source "lmi"]
[SourceDate "2008.07.27"]

1. e4 c5 2. Nf3 e6 3. d4 cxd4 4. Nxd4 Nf6 5. Nc3 Nc6 6. Ndb5 Bb4 7. a3 Bxc3+ 8.
Nxc3 d5 9. Bd3 dxe4 10. Nxe4 Nxe4 11. Bxe4 Qxd1+ 12. Kxd1 Bd7 13. Be3 e5 14.
Kc1 O-O-O 15. b4 Nd4 16. a4 Kb8 17. Kb2 Bc6 18. Bxc6 Nxc6 19. c3 e4 20. Rad1
Rd3 21. Rxd3 exd3 22. Rd1 Rd8 23. b5 Ne5 24. Bd4 f6 25. f4 Ng6 26. Rxd3 Re8 27.
Re3 Rxe3 28. Bxe3 Kc7 29. c4 a6 30. Kc3 axb5 31. axb5 Nh4 32. g3 Nf3 33. h3 g5
34. c5 Kd7 35. Kc4 Ke6 36. c6 bxc6 37. bxc6 Kd6 38. Kb5 Kc7 39. Bb6+ Kc8 40.
Kc5 gxf4 41. gxf4 Nh4 42. Kd5 Ng6 43. Be3 Ne7+ 44. Ke6 Nxc6 45. Kxf6 Kd7 46. f5
Ne7 47. Bc5 Nd5+ 48. Kg7 Nf4 49. h4 Ke8 50. Bd4 h5 51. Be3 Nd5 52. f6 Nxf6 53.
Kxf6 Kf8 54. Kg6 Kg8 55. Bd4 Kf8 56. Kxh5 Kf7 57. Kh6 1-0

[Event "España ch 2008 sub 18"]
[Site "Padrón ESP"]
[Date "2008.07.28"]
[Round "3.35"]
[White "Sanz Rodero, Mikel"]
[Black "Tarin Casado, Francisco"]
[Result "1-0"]
[WhiteElo "1982"]
[BlackElo "1815"]
[PlyCount "149"]
[EventDate "2008.07.27"]
[EventType "swiss"]
[EventRounds "9"]
[EventCountry "ESP"]
[Source "lmi"]
[SourceDate "2008.07.27"]

1. e4 c6 2. d4 d5 3. Nd2 dxe4 4. Nxe4 Bf5 5. Ng3 Bg6 6. h4 h6 7. Nf3 Nd7 8. h5
Bh7 9. Bd3 Bxd3 10. Qxd3 e6 11. Bf4 Qa5+ 12. Bd2 Qc7 13. O-O-O Ngf6 14. Qe2 Bd6
15. Nf5 Bf8 16. Ng3 Bd6 17. Nf5 Bf8 18. Ne3 O-O-O 19. g3 c5 20. Rh4 Kb8 21. Nc4
Nd5 22. Nfe5 Nxe5 23. Nxe5 Bd6 24. Nf3 Rc8 25. c3 Be7 26. Rhh1 Bf6 27. Be3 Qa5
28. Kb1 Rc6 29. Qc2 Rhc8 30. Ne5 Bxe5 31. dxe5 Ra6 32. a3 Rb6 33. Ka1 Nxe3 34.
fxe3 Qb5 35. Rhf1 c4 36. Rxf7 Qxe5 37. Rdd7 Qxe3 38. Ka2 e5 39. g4 Re8 40. Qa4
Rc8 41. Qc2 Re8 42. Rxg7 Qf3 43. g5 hxg5 44. Qd2 Qf6 45. Rgf7 Qe6 46. Qxg5 e4
47. Qg7 Rxb2+ 48. Kxb2 Qb6+ 49. Kc2 Qb3+ 50. Kd2 e3+ 51. Ke2 Qc2+ 52. Kf3 Qf2+
53. Kg4 Qg2+ 54. Kf5 Qe4+ 55. Kg5 Re5+ 56. Kh6 Re6+ 57. Rf6 Qf4+ 58. Kg6 Qg4+
59. Kh7 Qxh5+ 60. Qh6 Qe8 61. Rxe6 Qxd7+ 62. Kg8 e2 63. Qf8+ Kc7 64. Qf4+ Kc8
65. Rxe2 Qd5+ 66. Kg7 Qd7+ 67. Kf6 Qd8+ 68. Kf5 Qd3+ 69. Qe4 Qh3+ 70. Qg4 Qd3+
71. Kf6+ Kc7 72. Re7+ Kb6 73. Qd4+ Qxd4+ 74. cxd4 c3 75. Re3 1-0

[Event "España ch 2008 sub 18"]
[Site "Padrón ESP"]
[Date "2008.07.28"]
[Round "3.36"]
[White "Cuetos Lolo, Nekane"]
[Black "Villanueva Arguinberri, Bruno"]
[Result "0-1"]
[WhiteElo "1790"]
[BlackElo "1981"]
[PlyCount "60"]
[EventDate "2008.07.27"]
[EventType "swiss"]
[EventRounds "9"]
[EventCountry "ESP"]
[Source "lmi"]
[SourceDate "2008.07.27"]

1. e4 d6 2. d4 c6 3. Nf3 Nd7 4. c3 Qc7 5. Be3 g6 6. Be2 Bg7 7. O-O e6 8. Nbd2
Ne7 9. Re1 O-O 10. Qb3 b6 11. Nf1 c5 12. Ng3 Bb7 13. Rad1 Rac8 14. Qc2 d5 15.
Bf1 h6 16. exd5 Nxd5 17. Qc1 Nxe3 18. Qxe3 a6 19. Ne4 cxd4 20. Nxd4 Nc5 21. Ng3
Rfd8 22. Nge2 Na4 23. Qc1 b5 24. g3 e5 25. Nc2 Qc6 26. f3 Qxf3 27. Ne3 Rxd1 28.
Rxd1 Bf8 29. b4 Bxb4 30. Qd2 Bc5 0-1

[Event "España ch 2008 sub 18"]
[Site "Padrón ESP"]
[Date "2008.07.28"]
[Round "3.37"]
[White "Olmo Vega, Diego"]
[Black "Sousa Barreiro, Bieito"]
[Result "1-0"]
[WhiteElo "1978"]
[BlackElo "1587"]
[PlyCount "57"]
[EventDate "2008.07.27"]
[EventType "swiss"]
[EventRounds "9"]
[EventCountry "ESP"]
[Source "lmi"]
[SourceDate "2008.07.27"]

1. e4 g6 2. d4 d6 3. Nc3 Bg7 4. f4 Nf6 5. Nf3 O-O 6. Bd3 a5 7. O-O c6 8. Qe2 b5
9. e5 Ne8 10. Be3 f5 11. exf6 Nxf6 12. Rae1 b4 13. Ne4 Nd5 14. Bc4 Ba6 15. Neg5
Qd7 16. Bc1 Re8 17. Ne6 Kh8 18. Bxa6 Nxa6 19. f5 gxf5 20. Nfg5 Nf6 21. Rxf5 Nc7
22. Qd3 Nxe6 23. Rxe6 h6 24. Rfxf6 hxg5 25. Rh6+ Kg8 26. Qh7+ Kf7 27. Qg6+ Kf8
28. Rh7 Bxd4+ 29. Kh1 1-0

[Event "España ch 2008 sub 18"]
[Site "Padrón ESP"]
[Date "2008.07.28"]
[Round "3.39"]
[White "Aboy Nieto, Pablo"]
[Black "Torres Leao-Coelho, Ana"]
[Result "1-0"]
[WhiteElo "1949"]
[BlackElo "1909"]
[PlyCount "95"]
[EventDate "2008.07.27"]
[EventType "swiss"]
[EventRounds "9"]
[EventCountry "ESP"]
[Source "lmi"]
[SourceDate "2008.07.27"]

1. e3 d5 2. b3 Nf6 3. Bb2 c6 4. c4 Bf5 5. d3 e6 6. a3 Be7 7. Be2 O-O 8. g4 Bg6
9. h4 h6 10. f4 dxc4 11. bxc4 Qb6 12. Qc1 Rd8 13. g5 Nfd7 14. Qc3 f6 15. h5 Bf7
16. Rh3 Nc5 17. Ra2 Na4 18. Qd2 Nxb2 19. Rxb2 Qc7 20. gxh6 gxh6 21. Bf3 f5 22.
Qc3 Kh7 23. Rg2 Rg8 24. Rxg8 Bxg8 25. Kd1 Nd7 26. Rg3 Bf6 27. Qc2 Bf7 28. d4
Rd8 29. Ne2 Nc5 30. Nd2 Qa5 31. Bg4 Kh8 32. Bxf5 Qxa3 33. Bg6 Bg8 34. dxc5 Qa1+
35. Qb1 Qxb1+ 36. Bxb1 Bf7 37. Bg6 Bg8 38. Kc2 e5 39. Bd3 Bf7 40. Ne4 exf4 41.
Nxf4 Bh4 42. Ng6+ Bxg6 43. Rxg6 Kh7 44. Nf6+ Bxf6 45. Rxf6+ Kg7 46. Rg6+ Kf7
47. Rxh6 Kg7 48. Rh7+ 1-0

[Event "España ch 2008 sub 18"]
[Site "Padrón ESP"]
[Date "2008.07.28"]
[Round "3.40"]
[White "Cucarella Montell, Angels"]
[Black "Escobar Figueroa, Sandra"]
[Result "1-0"]
[WhiteElo "1941"]
[BlackElo "1794"]
[PlyCount "103"]
[EventDate "2008.07.27"]
[EventType "swiss"]
[EventRounds "9"]
[EventCountry "ESP"]
[Source "lmi"]
[SourceDate "2008.07.27"]

1. e4 e5 2. Nf3 Nf6 3. Nxe5 d6 4. Nf3 Nxe4 5. Nc3 Nxc3 6. dxc3 Be7 7. Bf4 Nd7
8. Qd2 Nc5 9. O-O-O Be6 10. Kb1 Qd7 11. Nd4 a6 12. h4 O-O-O 13. Nxe6 fxe6 14.
g3 Kb8 15. Bh3 Qb5 16. Bf1 Qb6 17. Be3 Qc6 18. Rh2 Bf6 19. Bd4 Bxd4 20. cxd4
Nd7 21. Bg2 Qb6 22. Bh3 Rhe8 23. Re1 Nf8 24. Re3 e5 25. d5 Nd7 26. Rh1 Rf8 27.
a4 a5 28. Rf1 Nc5 29. Rd1 Nxa4 30. b3 Nc5 31. Kb2 Rf6 32. Bg2 Rdf8 33. f3 Nd7
34. Ra1 Qb4 35. Qd1 b6 36. Rc3 Qd4 37. Qe2 Qxd5 38. f4 e4 39. Rd1 Qe6 40. Bxe4
Nc5 41. Re3 Nxe4 42. Rxe4 Qd7 43. Re7 Qc6 44. Rd3 R6f7 45. Rc3 Rxe7 46. Qxe7
Re8 47. Qxg7 Qb7 48. Qxh7 c5 49. Qg6 Qe7 50. h5 Rf8 51. h6 Rh8 52. Rd3 1-0

[Event "España ch 2008 sub 18"]
[Site "Padrón ESP"]
[Date "2008.07.28"]
[Round "3.41"]
[White "Sanchez Garcia, Laura"]
[Black "Cubillo Munoz, Miguel"]
[Result "1/2-1/2"]
[WhiteElo "1814"]
[BlackElo "1923"]
[PlyCount "49"]
[EventDate "2008.07.27"]
[EventType "swiss"]
[EventRounds "9"]
[EventCountry "ESP"]
[Source "lmi"]
[SourceDate "2008.07.27"]

1. d4 Nf6 2. Nf3 g6 3. c4 Bg7 4. Nc3 O-O 5. e4 d6 6. Be2 e5 7. O-O Nc6 8. d5
Ne7 9. Ne1 Ne8 10. Be3 f5 11. f3 f4 12. Bf2 g5 13. c5 Rf6 14. cxd6 cxd6 15. a4
Rg6 16. a5 h5 17. Nb5 Bd7 18. Nxa7 Nc8 19. Nxc8 Bxc8 20. Bb6 Qe7 21. Rc1 Bd7
22. Qb3 g4 23. Bb5 Bxb5 24. Qxb5 Qg5 25. Rf2 1/2-1/2

[Event "España ch 2008 sub 18"]
[Site "Padrón ESP"]
[Date "2008.07.28"]
[Round "3.42"]
[White "Mougan Gonzalez, Santiago"]
[Black "Juez Villar, Erik"]
[Result "0-1"]
[WhiteElo "1730"]
[BlackElo "1912"]
[PlyCount "76"]
[EventDate "2008.07.27"]
[EventType "swiss"]
[EventRounds "9"]
[EventCountry "ESP"]
[Source "lmi"]
[SourceDate "2008.07.27"]

1. e4 c6 2. d4 d5 3. Nd2 dxe4 4. Nxe4 Bf5 5. Ng3 Bg6 6. h4 h6 7. Nf3 Nd7 8. h5
Bh7 9. Bd3 Bxd3 10. Qxd3 e6 11. Bd2 Ngf6 12. O-O-O Be7 13. Rhe1 O-O 14. Re2 c5
15. Ne4 Nxe4 16. Qxe4 Nf6 17. Qxb7 Rb8 18. Qxa7 Ra8 19. Qb7 Rxa2 20. Bc3 Ra1+
21. Kd2 Rxd1+ 22. Kxd1 Nd5 23. Rd2 Bf6 24. Ne5 Bxe5 25. dxe5 Qh4 26. Kc1 Qh1+
27. Rd1 Qxg2 28. f4 Qe4 29. Bd2 Qa4 30. c3 Rd8 31. Re1 Rd7 32. Qc8+ Kh7 33.
Qxc5 Rb7 34. Qa3 Qd7 35. c4 Ne7 36. Re3 Nf5 37. Qd3 Qa4 38. Qa3 Qxc4+ 0-1

[Event "España ch 2008 sub 18"]
[Site "Padrón ESP"]
[Date "2008.07.28"]
[Round "3.44"]
[White "Jimenez Lupianez, Laura"]
[Black "Balbas Calvo, Alexandra"]
[Result "1-0"]
[WhiteElo "1901"]
[BlackElo "1680"]
[PlyCount "55"]
[EventDate "2008.07.27"]
[EventType "swiss"]
[EventRounds "9"]
[EventCountry "ESP"]
[Source "lmi"]
[SourceDate "2008.07.27"]

1. d4 d5 2. c4 c6 3. Nc3 Nf6 4. cxd5 cxd5 5. Bf4 a6 6. e3 e6 7. Bd3 Be7 8. Rc1
Nc6 9. Nf3 O-O 10. h3 Re8 11. O-O Qd7 12. Na4 Qd8 13. a3 Nd7 14. b4 f6 15. Bb1
e5 16. dxe5 Ndxe5 17. Ba2 Be6 18. e4 Nxf3+ 19. Qxf3 Ne5 20. Bxe5 fxe5 21. exd5
Bf7 22. Nc5 b6 23. Ne4 Rf8 24. Rfd1 Rc8 25. Rxc8 Qxc8 26. Bb3 Kh8 27. d6 Bg6
28. dxe7 1-0

[Event "España ch 2008 sub 18"]
[Site "Padrón ESP"]
[Date "2008.07.28"]
[Round "3.45"]
[White "Elexpe Bastida, Oscar"]
[Black "Samaniego Alonso, Sergio"]
[Result "1-0"]
[WhiteElo "1676"]
[BlackElo "1837"]
[PlyCount "83"]
[EventDate "2008.07.27"]
[EventType "swiss"]
[EventRounds "9"]
[EventCountry "ESP"]
[Source "lmi"]
[SourceDate "2008.07.27"]

1. c4 c5 2. Nc3 Nc6 3. g3 g6 4. Bg2 Bg7 5. e3 f5 6. Nge2 e5 7. O-O Nge7 8. d3
O-O 9. Rb1 b6 10. a3 Bb7 11. b4 d6 12. Bb2 Rb8 13. Nd5 Kh8 14. d4 cxb4 15. Nxb4
Na5 16. Bd5 Nxd5 17. cxd5 Nc4 18. Nc6 Bxc6 19. dxc6 e4 20. Nf4 Qe8 21. Qc1 b5
22. Ba1 g5 23. Nd5 Qxc6 24. Nb4 Qd7 25. d5 Rbc8 26. Bxg7+ Kxg7 27. Nc6 a6 28.
a4 Ne5 29. Qb2 bxa4 30. Nxe5 dxe5 31. Qxe5+ Rf6 32. Rfc1 Kg6 33. Ra1 Rd8 34.
Rc5 Rd6 35. Rd1 Rb8 36. Rdc1 Rb5 37. Kf1 Rxd5 38. Rc6+ Kh5 39. Qf6 Rd1+ 40. Kg2
f4 41. Qh6+ Kg4 42. Qh3# 1-0

[Event "España ch 2008 sub 18"]
[Site "Padrón ESP"]
[Date "2008.07.28"]
[Round "3.48"]
[White "Carnero Rodriguez, Sergio"]
[Black "Crespo Ramos, Maria"]
[Result "1-0"]
[WhiteElo "1765"]
[BlackElo "1560"]
[PlyCount "61"]
[EventDate "2008.07.27"]
[EventType "swiss"]
[EventRounds "9"]
[EventCountry "ESP"]
[Source "lmi"]
[SourceDate "2008.07.27"]

1. e4 c5 2. Nf3 e6 3. d4 cxd4 4. Nxd4 Nf6 5. f3 d5 6. e5 Nfd7 7. f4 Nc6 8. c3
Nc5 9. Be3 Ne4 10. g3 h5 11. Nd2 Nxd2 12. Qxd2 h4 13. g4 Bd7 14. Bh3 Qc7 15.
Nxc6 Qxc6 16. Bd4 Bc5 17. Rf1 Qb6 18. f5 Bxd4 19. cxd4 exf5 20. gxf5 Rh6 21.
Rd1 Rc6 22. b3 Rac8 23. Rf2 Qc7 24. Qg5 Rc2 25. Rf3 Qa5+ 26. Kf1 Bb5+ 27. Kg1
R8c6 28. Qxg7 Be2 29. Qg8+ Kd7 30. Qxf7+ Kd8 31. f6 1-0

[Event "España ch 2008 sub 18"]
[Site "Padrón ESP"]
[Date "2008.07.29"]
[Round "4.1"]
[White "Recuero Guerra, David"]
[Black "Salgado Lopez, Ivan"]
[Result "1/2-1/2"]
[WhiteElo "2417"]
[BlackElo "2532"]
[PlyCount "64"]
[EventDate "2008.07.27"]
[EventType "swiss"]
[EventRounds "9"]
[EventCountry "ESP"]
[Source "lmi"]
[SourceDate "2008.07.27"]

1. e4 e5 2. Nf3 Nc6 3. Bb5 Nf6 4. O-O Nxe4 5. d4 Nd6 6. dxe5 Nxb5 7. a4 Nxe5 8.
Nxe5 Nd6 9. Qg4 h5 10. Qh3 Ne4 11. Qf5 Qe7 12. Qxe4 d6 13. Bf4 dxe5 14. Bxe5 f6
15. Qg6+ Qf7 16. Qxf7+ Kxf7 17. Bxc7 Bf5 18. c3 g5 19. h3 Rc8 20. Bh2 Rd8 21.
Na3 Bxa3 22. Rxa3 Rd2 23. Rb3 Be4 24. Rb4 Re8 25. h4 gxh4 26. Bf4 Re2 27. f3
Bc6 28. Rf2 Re1+ 29. Kh2 Ra1 30. Bd2 Rxa4 31. Rxa4 Bxa4 32. Kh3 Bb5 1/2-1/2

[Event "España ch 2008 sub 18"]
[Site "Padrón ESP"]
[Date "2008.07.29"]
[Round "4.2"]
[White "Cabrera Trujillo, Jorge"]
[Black "Valmana Canto, Jaime"]
[Result "1/2-1/2"]
[WhiteElo "2423"]
[BlackElo "2376"]
[PlyCount "61"]
[EventDate "2008.07.27"]
[EventType "swiss"]
[EventRounds "9"]
[EventCountry "ESP"]
[Source "lmi"]
[SourceDate "2008.07.27"]

1. e4 e5 2. Nf3 Nc6 3. Bb5 Nd4 4. Nxd4 exd4 5. d3 c6 6. Bc4 Nf6 7. c3 d5 8.
exd5 Nxd5 9. cxd4 Bb4+ 10. Bd2 O-O 11. O-O Bd6 12. Bxd5 cxd5 13. Qf3 Qh4 14. g3
Qxd4 15. Bc3 Qc5 16. Nd2 Be6 17. Nb3 Qb6 18. Nd4 Be5 19. Qe3 Bf6 20. Rfe1 Rfe8
21. Qf4 Bd7 22. h4 h6 23. Nf3 Bxc3 24. bxc3 Rac8 25. Rxe8+ Rxe8 26. Nd4 Qa6 27.
Qd2 Bb5 28. Rd1 Rc8 29. Nf5 Qf6 30. Nd4 Qa6 31. Nf5 1/2-1/2

[Event "España ch 2008 sub 18"]
[Site "Padrón ESP"]
[Date "2008.07.29"]
[Round "4.3"]
[White "Moreno Gracia, Daniel"]
[Black "Vila Gazquez, Xavier"]
[Result "0-1"]
[WhiteElo "2292"]
[BlackElo "2419"]
[PlyCount "112"]
[EventDate "2008.07.27"]
[EventType "swiss"]
[EventRounds "9"]
[EventCountry "ESP"]
[Source "lmi"]
[SourceDate "2008.07.27"]

1. c4 e5 2. g3 Nf6 3. Bg2 c6 4. d4 e4 5. Nc3 Bb4 6. Qb3 Bxc3+ 7. bxc3 O-O 8.
Nh3 d6 9. O-O Re8 10. Bf4 Qe7 11. Rad1 Bg4 12. f3 exf3 13. exf3 Bf5 14. Qa3 d5
15. Qxe7 Rxe7 16. g4 Bg6 17. Rfe1 Rxe1+ 18. Rxe1 Nbd7 19. Re7 Re8 20. Rxe8+
Nxe8 21. cxd5 cxd5 22. Bf1 Nb6 23. Kf2 Bb1 24. a4 Ba2 25. a5 Nc4 26. Bxc4 Bxc4
27. Bb8 a6 28. Nf4 Kf8 29. Ng2 Ke7 30. Ne3 Kd7 31. Ba7 Kc6 32. Kg3 Nc7 33. Bc5
Nb5 34. Bb4 b6 35. Kf4 bxa5 36. Bxa5 Bb3 37. Ke5 Nd6 38. Bb4 Nc4+ 39. Nxc4 Bxc4
40. Bf8 Be2 41. g5 Bxf3 42. Bxg7 Kb5 43. Kf6 Bh5 44. Bf8 a5 45. Ke5 Kc4 46. h4
a4 47. Bc5 Bf3 48. Kf6 Kb3 49. Kxf7 a3 50. Bxa3 Kxa3 51. Ke6 Kb3 52. h5 Be4 53.
g6 hxg6 54. hxg6 Kc4 55. g7 Bh7 56. Kd6 Bg8 0-1

[Event "España ch 2008 sub 18"]
[Site "Padrón ESP"]
[Date "2008.07.29"]
[Round "4.4"]
[White "Barbero Senidic, Alejandro"]
[Black "Alonso Rosell, Alvar"]
[Result "0-1"]
[WhiteElo "2244"]
[BlackElo "2393"]
[PlyCount "108"]
[EventDate "2008.07.27"]
[EventType "swiss"]
[EventRounds "9"]
[EventCountry "ESP"]
[Source "lmi"]
[SourceDate "2008.07.27"]

1. e4 c5 2. Nf3 Nc6 3. Nc3 e5 4. Bc4 Be7 5. d3 d6 6. O-O Nf6 7. Ng5 O-O 8. f4
Bg4 9. Qe1 exf4 10. Bxf4 Nd4 11. Qd2 Qd7 12. a4 h6 13. Nf3 Nxf3+ 14. gxf3 Be6
15. Kh1 Kh7 16. Rg1 d5 17. Ba2 d4 18. Bxe6 fxe6 19. Qg2 Bd8 20. Nb5 a6 21. Na3
Qf7 22. Bd6 Be7 23. Bxe7 Qxe7 24. Qg6+ Kh8 25. Nc4 Nd7 26. Rg3 b5 27. Nd2 Rf6
28. Qh5 Raf8 29. axb5 axb5 30. Rag1 R8f7 31. Rg6 e5 32. Nf1 Nf8 33. Rxf6 Qxf6
34. Nd2 Kh7 35. Qg4 Ne6 36. Rf1 Qe7 37. Ra1 Rf4 38. Qg3 Qf6 39. Ra7 Ng5 40. Kg2
h5 41. h4 Nxf3 42. Nxf3 Rg4 43. Ng5+ Kg6 44. Qxg4 hxg4 45. Rf7 Qa6 46. Kg3 Qa1
47. Kxg4 Qd1+ 48. Rf3 Qxc2 49. h5+ Kh6 50. Nf7+ Kh7 51. Ng5+ Kg8 52. Ne6 Qg2+
53. Rg3 Qe2+ 54. Kg5 Qf2 0-1

[Event "España ch 2008 sub 18"]
[Site "Padrón ESP"]
[Date "2008.07.29"]
[Round "4.5"]
[White "Garcia Moreno, Carlos"]
[Black "Rubio Mejia, Luis Ignacio"]
[Result "0-1"]
[WhiteElo "2176"]
[BlackElo "2386"]
[PlyCount "146"]
[EventDate "2008.07.27"]
[EventType "swiss"]
[EventRounds "9"]
[EventCountry "ESP"]
[Source "lmi"]
[SourceDate "2008.07.27"]

1. e4 c5 2. Nf3 d6 3. d4 cxd4 4. Nxd4 Nf6 5. Nc3 a6 6. Be2 e5 7. Nb3 Be7 8. a4
O-O 9. O-O Nbd7 10. a5 Qc7 11. Be3 b5 12. axb6 Nxb6 13. Qd3 h6 14. Na5 Be6 15.
f4 exf4 16. Bxf4 Nbd7 17. Kh1 Ne5 18. Qg3 Ng6 19. Nb3 Nxf4 20. Qxf4 Qb6 21. Qf3
Rfc8 22. Rfc1 Ng4 23. h3 Nf2+ 24. Kh2 Bf6 25. Bxa6 Be5+ 26. g3 Rxc3 27. bxc3
Nxh3 28. Nd4 Bxd4 29. cxd4 Rxa6 30. Rcb1 Qa7 31. Rxa6 Qxa6 32. d5 Ng5 33. Qd3
Qxd3 34. cxd3 Bg4 35. Rb6 Be2 36. Rxd6 Kf8 37. Kg2 Bxd3 38. e5 Ke7 39. Rb6 Be4+
40. Kf2 Bxd5 41. Ke3 g6 42. Ra6 h5 43. Rd6 Bh1 44. Rb6 Ne6 45. Rb1 Bg2 46. Rb2
Bh3 47. Rb8 Bf5 48. Ra8 g5 49. Rh8 Bg6 50. Rb8 Ng7 51. Rb6 Bf5 52. Ra6 Bd7 53.
Rb6 Nf5+ 54. Kf2 Kf8 55. Ra6 Kg7 56. Rb6 Be6 57. Rb8 Nd4 58. Ke3 Nc6 59. Rb5
Kg6 60. Ke4 Ne7 61. Rb6 Nf5 62. Kf3 h4 63. gxh4 Nxh4+ 64. Ke4 g4 65. Kf4 Ng2+
66. Ke4 Kg5 67. Rb8 Kh4 68. Rb2 Kh3 69. Rb8 g3 70. Rh8+ Nh4 71. Ke3 Kg4 72.
Rg8+ Ng6 73. Ke2 Kf4 0-1

[Event "España ch 2008 sub 18"]
[Site "Padrón ESP"]
[Date "2008.07.29"]
[Round "4.6"]
[White "Arribas Lopez, Angel"]
[Black "Hernandez Leon, Alberto"]
[Result "1/2-1/2"]
[WhiteElo "2332"]
[BlackElo "2236"]
[PlyCount "86"]
[EventDate "2008.07.27"]
[EventType "swiss"]
[EventRounds "9"]
[EventCountry "ESP"]
[Source "lmi"]
[SourceDate "2008.07.27"]

1. e4 c5 2. Nf3 d6 3. c3 Nf6 4. h3 g6 5. Bd3 Bg7 6. Bc2 e5 7. O-O O-O 8. d4
exd4 9. cxd4 Nc6 10. Nc3 cxd4 11. Nxd4 d5 12. Nxc6 bxc6 13. exd5 Nxd5 14. Ne4
Ba6 15. Re1 Qb6 16. Rb1 Rfe8 17. Be3 Nxe3 18. Rxe3 Rad8 19. Qf3 Bc4 20. Rbe1
Re6 21. Bb3 Bxb3 22. axb3 h6 23. R1e2 Bd4 24. Rd3 f5 25. Ng3 Rxe2 26. Nxe2
Bxf2+ 27. Kf1 Rxd3 28. Qxd3 Be3 29. b4 Bg5 30. Qc4+ Kg7 31. Nd4 Bf6 32. Nxc6 a6
33. b3 Qe3 34. Qxa6 Qc1+ 35. Ke2 Qc2+ 36. Kf1 Qd1+ 37. Kf2 Bh4+ 38. Ke3 Bg5+
39. Kf2 Bh4+ 40. g3 Qc2+ 41. Kf1 Qd1+ 42. Kf2 Qc2+ 43. Kf1 Qd1+ 1/2-1/2

[Event "España ch 2008 sub 18"]
[Site "Padrón ESP"]
[Date "2008.07.29"]
[Round "4.7"]
[White "Pintor Munoz, Antonio"]
[Black "Espinosa Aranda, Angel"]
[Result "0-1"]
[WhiteElo "2076"]
[BlackElo "2313"]
[PlyCount "82"]
[EventDate "2008.07.27"]
[EventType "swiss"]
[EventRounds "9"]
[EventCountry "ESP"]
[Source "lmi"]
[SourceDate "2008.07.27"]

1. d4 Nf6 2. c4 e6 3. Nc3 Bb4 4. e3 O-O 5. Nge2 d5 6. a3 Be7 7. cxd5 exd5 8. g3
c6 9. Bg2 a5 10. O-O Na6 11. f3 c5 12. Bd2 Re8 13. Be1 Nc7 14. Qd2 b5 15. dxc5
Bxc5 16. Bf2 Ba6 17. Rfd1 b4 18. Na4 Bxe2 19. Qxe2 Ba7 20. Rac1 Qe7 21. Qc2 Ne6
22. axb4 axb4 23. b3 Ng5 24. Rd3 Qe6 25. Qd2 Qf5 26. Qd1 Nh3+ 27. Bxh3 Qxh3 28.
Rc2 Re7 29. Qf1 Qf5 30. Kg2 Rae8 31. Qe2 Bxe3 32. Bxe3 Rxe3 33. Rxe3 Rxe3 34.
Qxe3 Qxc2+ 35. Kh3 Qd1 36. Kg2 d4 37. Qe7 h6 38. Qxb4 Qe2+ 39. Kg1 d3 40. Qd4
Qd1+ 41. Kg2 Qc2+ 0-1

[Event "España ch 2008 sub 18"]
[Site "Padrón ESP"]
[Date "2008.07.29"]
[Round "4.8"]
[White "Gil Quilez, David"]
[Black "Senlle Caride, Miguel"]
[Result "1/2-1/2"]
[WhiteElo "2031"]
[BlackElo "2289"]
[PlyCount "62"]
[EventDate "2008.07.27"]
[EventType "swiss"]
[EventRounds "9"]
[EventCountry "ESP"]
[Source "lmi"]
[SourceDate "2008.07.27"]

1. e4 e5 2. Nf3 Nc6 3. Bc4 Nf6 4. d3 Be7 5. O-O O-O 6. Nc3 d6 7. h3 Na5 8. Bb3
Nxb3 9. axb3 c6 10. Be3 b6 11. d4 Qc7 12. Qe2 a5 13. Rfd1 Ba6 14. Qe1 b5 15.
Nd2 exd4 16. Bxd4 b4 17. Ne2 c5 18. Be3 Bb7 19. Ng3 Rfe8 20. f3 d5 21. Qf2 d4
22. Bg5 h6 23. Bxf6 Bxf6 24. Nh5 Bd8 25. Qg3 Qxg3 26. Nxg3 Bc7 27. Kf2 Ra6 28.
Nc4 Rea8 29. Ne2 f5 30. exf5 Bd5 31. Ra4 Bc6 1/2-1/2

[Event "España ch 2008 sub 18"]
[Site "Padrón ESP"]
[Date "2008.07.29"]
[Round "4.9"]
[White "Velandrino Gomez, Maria Cielo"]
[Black "Fernandez Borrego, Pablo"]
[Result "0-1"]
[WhiteElo "1995"]
[BlackElo "2229"]
[PlyCount "68"]
[EventDate "2008.07.27"]
[EventType "swiss"]
[EventRounds "9"]
[EventCountry "ESP"]
[Source "lmi"]
[SourceDate "2008.07.27"]

1. d4 e6 2. Nf3 d5 3. e3 Nf6 4. Bd3 Bd6 5. b3 O-O 6. Bb2 b6 7. O-O Ba6 8. c4
Nbd7 9. Nbd2 c5 10. Ne5 Rc8 11. f4 cxd4 12. exd4 Qe7 13. Rf3 dxc4 14. bxc4 Bb4
15. Rh3 Rfd8 16. Qe2 Nf8 17. Rd1 Bb7 18. Ndf3 Bxf3 19. Qxf3 Qc7 20. Ba1 Be7 21.
Rf1 Rd6 22. g4 N6d7 23. Qe4 f6 24. Nf3 Rd8 25. Rd1 Nb8 26. g5 Nc6 27. a3 Qd7
28. Bb1 e5 29. Rh4 Nxd4 30. Nxd4 exd4 31. c5 bxc5 32. Re1 fxg5 33. Rxh7 Qe6 34.
Ba2 Qxa2 0-1